[Event "Sanxenxo Carlos op 11th"]
[Site "Sanxenxo"]
[Date "2019.06.27"]
[Round "6"]
[White "Huarte Zozaya, Aitor"]
[Black "Horton, Andrew P"]
[Result "0-1"]
[WhiteElo "2038"]
[BlackElo "2388"]
[PlyCount "70"]
[EventDate "2019.06.22"]
[EventType "swiss"]
[EventRounds "9"]
[EventCountry "ESP"]
[SourceTitle "CBM 191 Extra"]
[Source "ChessBase"]
[SourceDate "2019.09.30"]
[SourceVersion "1"]
[SourceVersionDate "2019.09.30"]
[SourceQuality "1"]

1. d4 Nf6 2. Bf4 e6 3. e3 b6 4. Nf3 Bb7 5. Nbd2 Be7 6. Bd3 Nh5 7. Bg3 d6 8. Qe2 Nd7 9. c3 g6 10. 0-0 0-0 11. Nc4 Bf6 12. b4 Qe7 13. Nfd2 Nxg3 14. hxg3 d5 15. Nb2 a5 16. a3 e5 17. Na4 Rfe8 18. Qd1 h5 19. Nb3 Bc6 20. b5 Bb7 21. c4 exd4 22. Nxd4 Bxd4 23. exd4 dxc4 24. Bxc4 Qe4 25. f3 Qe3+ 26. Kh2 Nf6 27. Qc2 Qg5 28. Bd3 h4 29. Qxc7 hxg3+ 30. Qxg3 Qh6+ 31. Qh3 Qe3 32. Rad1 Kg7 33. Rfe1 Qf4+ 34. g3 Qxf3 35. Rf1 Ng4+ 0-1

[Event "Navarra-ch"]
[Site "Pamplona"]
[Date "2017.03.25"]
[Round "2"]
[White "Huarte Zozaya, Aitor"]
[Black "Roldan Marques, Marta"]
[Result "1-0"]
[WhiteElo "1789"]
[BlackElo "1536"]
[PlyCount "67"]
[EventDate "2017.03.11"]
[EventType "swiss"]
[EventRounds "7"]
[EventCountry "ESP"]
[SourceTitle "EXT 2018"]
[Source "ChessBase"]
[SourceDate "2017.10.13"]
[SourceVersion "1"]
[SourceVersionDate "2017.10.13"]
[SourceQuality "1"]

1. d4 d5 2. c4 e6 3. g3 g6 4. Bg2 c6 5. Nf3 Bg7 6. 0-0 Nf6 7. Nc3 Nbd7 8. Qd3 0-0 9. e4 Nb6 10. b3 dxe4 11. Nxe4 Nxe4 12. Qxe4 c5 13. Ba3 Nd7 14. Qe1 Re8 15. Rd1 cxd4 16. Nxd4 a6 17. c5 e5 18. Nc2 Qc7 19. Ne3 Nf6 20. Nc4 Bf8 21. Nd6 Rd8 22. Qxe5 Ne8 23. Bb2 Bg7 24. Nxe8 Bxe5 25. Nxc7 Bxc7 26. Bf6 Rxd1 27. Rxd1 Rb8 28. Bd8 Be5 29. h3 b5 30. f4 Bg7 31. Bc7 Rb7 32. Rd8+ Bf8 33. Bxb7 Bxb7 34. Bd6 1-0

[Event "ESP-ch U16"]
[Site "Granada"]
[Date "2016.07.18"]
[Round "1"]
[White "Huarte Zozaya, Aitor"]
[Black "Porta Tovar, Guillem"]
[Result "0-1"]
[WhiteElo "1863"]
[BlackElo "2267"]
[PlyCount "66"]
[EventDate "2016.07.18"]
[EventType "swiss"]
[EventRounds "9"]
[EventCountry "ESP"]
[SourceTitle "EXT 2024"]
[Source "ChessBase"]
[SourceDate "2023.10.10"]
[SourceVersion "1"]
[SourceVersionDate "2023.10.10"]
[SourceQuality "1"]

1. d4 Nf6 2. c4 c5 3. d5 d6 4. Nc3 g6 5. e4 Bg7 6. Bd3 0-0 7. f3 e6 8. Nge2 Nh5 9. 0-0 e5 10. g4 Nf4 11. Nxf4 exf4 12. Bxf4 f5 13. exf5 gxf5 14. g5 Nd7 15. h4 Ne5 16. Qc2 Qe8 17. Bg3 Qh5 18. Kg2 f4 19. Be1 Nxd3 20. Qxd3 Bf5 21. Qd2 Rae8 22. Bf2 Re3 23. Bxe3 Qxh4 24. Ne4 Bh3+ 25. Kg1 fxe3 26. Qe1 Qf4 27. Qe2 Be5 28. Rfe1 Kg7 29. Rad1 Bf5 30. Qg2 Bxe4 31. fxe4 Qf2+ 32. Kh1 Qh4+ 33. Kg1 Rf2 0-1

[Event "Navarra-ch"]
[Site "Pamplona"]
[Date "2016.04.30"]
[Round "7"]
[White "Huarte Zozaya, Aitor"]
[Black "Lizuain Toni, Javier"]
[Result "0-1"]
[WhiteElo "1692"]
[BlackElo "1840"]
[PlyCount "108"]
[EventDate "2016.03.05"]
[EventType "swiss"]
[EventRounds "8"]
[EventCountry "ESP"]
[SourceTitle "EXT 2018"]
[Source "ChessBase"]
[SourceDate "2017.10.13"]
[SourceVersion "1"]
[SourceVersionDate "2017.10.13"]
[SourceQuality "1"]

1. e4 e5 2. Nf3 Nc6 3. Bb5 Nd4 4. Bc4 Nxf3+ 5. Qxf3 Qf6 6. Qe2 Bc5 7. Nc3 Ne7 8. 0-0 c6 9. d3 Ng6 10. Be3 Bb6 11. Bxb6 axb6 12. Qe3 b5 13. Bb3 0-0 14. Ne2 Nf4 15. Ng3 h5 16. c3 d6 17. Ne2 Qg5 18. Nxf4 exf4 19. Qe2 Be6 20. Rfd1 f3 21. Qxf3 Bg4 22. Qg3 h4 23. Qxd6 Rad8 24. Qc7 Rd7 25. f4 Rxc7 26. fxg5 Bxd1 27. Rxd1 Kh7 28. Rf1 Kg6 29. Rf5 Rd7 30. d4 Rh8 31. Bd1 b4 32. Rc5 bxc3 33. bxc3 Re7 34. Bc2 Rh5 35. Kf2 Rxg5 36. Rxg5+ Kxg5 37. Kf3 g6 38. Bb3 Rd7 39. e5 Re7 40. c4 c5 41. dxc5 Rxe5 42. c6 bxc6 43. Ba4 Ra5 44. Bxc6 Rxa2 45. Bd5 f5 46. Bc6 h3 47. gxh3 Rxh2 48. Kg3 Rc2 49. Bd5 Rc3+ 50. Kg2 Kh4 51. Bf7 Rxh3 52. Kf2 Rc3 53. Bxg6 Rxc4 54. Bxf5 Rf4+ 0-1

[Event "Navarra-ch"]
[Site "Pamplona"]
[Date "2016.04.16"]
[Round "5"]
[White "Roviralta Montero, Axel"]
[Black "Huarte Zozaya, Aitor"]
[Result "1-0"]
[WhiteElo "1952"]
[BlackElo "1692"]
[PlyCount "167"]
[EventDate "2016.03.05"]
[EventType "swiss"]
[EventRounds "8"]
[EventCountry "ESP"]
[SourceTitle "EXT 2018"]
[Source "ChessBase"]
[SourceDate "2017.10.13"]
[SourceVersion "1"]
[SourceVersionDate "2017.10.13"]
[SourceQuality "1"]

1. e4 c5 2. Nf3 e6 3. d4 cxd4 4. Nxd4 Nc6 5. Nc3 Qc7 6. Be3 a6 7. Qd2 Nf6 8. f3 Bb4 9. a3 Be7 10. g4 0-0 11. Be2 b5 12. g5 Ne8 13. f4 b4 14. Na4 bxa3 15. bxa3 Nd6 16. e5 Ne4 17. Qd3 Qa5+ 18. Kf1 Qxa4 19. Qxe4 Bb7 20. Bd3 g6 21. Nxc6 Bxc6 22. Qxa4 Bxa4 23. Rg1 Rfb8 24. Ke2 d6 25. Bd4 Bb5 26. c4 Bc6 27. Ke3 Rb3 28. exd6 Bxd6 29. c5 Bxf4+ 30. Kxf4 Rxd3 31. Bf6 Rh3 32. Ra2 Bd5 33. Rb2 Rxa3 34. Rgb1 Re8 35. Rb8 Bc6 36. Rxe8+ Bxe8 37. Be7 e5+ 38. Ke4 f5+ 39. gxf6 Kf7 40. Kxe5 Rc3 41. Rb7 Re3+ 42. Kd6 Rd3+ 43. Kc7 a5 44. c6 Rc3 45. Rb6 g5 46. Kb7 h5 47. c7 Bd7 48. Rd6 Bf5 49. Rd8 h4 50. Rf8+ Kg6 51. Rg8+ Kf7 52. Rxg5 Be4+ 53. Kb8 Rb3+ 54. Kc8 Bb7+ 55. Kd7 Rd3+ 56. Bd6 Kxf6 57. Rb5 Bg2 58. Rb6 Bh3+ 59. Kd8 Kf7 60. c8Q Bxc8 61. Kxc8 a4 62. Ra6 Rd4 63. Kc7 Re4 64. Rb6 Kg6 65. Rb4 Re2 66. Rxh4 Ra2 67. Kc6 a3 68. Ra4 Rc2+ 69. Kb5 a2 70. Kb4 Rd2 71. Be5 Re2 72. Ra6+ Kf5 73. Bg3 Kg4 74. Kb3 Re3+ 75. Kxa2 Rc3 76. Kb2 Rc8 77. Ra3 Rh8 78. Kc2 Rh7 79. Kd2 Rh8 80. Ke3 Rf8 81. Ra4+ Kg5 82. h4+ Kh6 83. Ra6+ Kh5 84. Ra5+ 1-0

[Event "Navarra-ch"]
[Site "Pamplona"]
[Date "2016.03.26"]
[Round "3"]
[White "Leranoz Zabalza, Adrian"]
[Black "Huarte Zozaya, Aitor"]
[Result "1-0"]
[WhiteElo "2066"]
[BlackElo "1692"]
[PlyCount "61"]
[EventDate "2016.03.05"]
[EventType "swiss"]
[EventRounds "8"]
[EventCountry "ESP"]
[SourceTitle "EXT 2018"]
[Source "ChessBase"]
[SourceDate "2017.10.13"]
[SourceVersion "1"]
[SourceVersionDate "2017.10.13"]
[SourceQuality "1"]

1. b3 d5 2. Bb2 c5 3. f4 Nc6 4. Nf3 Bf5 5. e3 Nf6 6. Be2 e6 7. 0-0 Be7 8. h3 Ne4 9. g4 Bg6 10. Bb5 h5 11. Ne5 Rc8 12. d3 Ng3 13. Rf3 h4 14. Nxg6 fxg6 15. Bxc6+ Rxc6 16. Bxg7 Rg8 17. Be5 Bf6 18. Bxf6 Qxf6 19. Nd2 Ra6 20. Nf1 Ne2+ 21. Kh1 Nc3 22. Qe1 Nxa2 23. e4 dxe4 24. dxe4 e5 25. g5 Qh8 26. Rd1 exf4 27. Rfd3 Nb4 28. Rd8+ Ke7 29. R8d7+ Ke8 30. Qd2 Nc6 31. Rd8+ 1-0

[Event "Pamplona Navarro-ch"]
[Site "Pamplona"]
[Date "2015.04.25"]
[Round "3"]
[White "Huarte Zozaya, Aitor"]
[Black "Lerendegui Lasa, Odei"]
[Result "0-1"]
[WhiteElo "1509"]
[BlackElo "1805"]
[PlyCount "74"]
[EventDate "2015.04.11"]
[EventType "swiss"]
[EventRounds "8"]
[EventCountry "ESP"]
[SourceTitle "EXT 2016"]
[Source "ChessBase"]
[SourceDate "2015.10.08"]
[SourceVersion "1"]
[SourceVersionDate "2015.10.08"]
[SourceQuality "1"]

1. e4 c5 2. Nf3 Nc6 3. d4 cxd4 4. Nxd4 Nf6 5. Nc3 e5 6. Nf3 Bb4 7. Bd3 d5 8. exd5 Nxd5 9. Bd2 Nxc3 10. bxc3 Bc5 11. 0-0 Bg4 12. h3 Bh5 13. Be2 Bg6 14. Rb1 Qc7 15. Rb5 b6 16. Nh4 Be4 17. Bf3 Bxf3 18. Qxf3 a6 19. Rb3 0-0 20. Nf5 Ne7 21. Ng3 f5 22. Re1 e4 23. Qe2 Nd5 24. Nf1 Kh8 25. Ne3 Nf4 26. Qf1 Ng6 27. Nd1 Rfe8 28. Be3 f4 29. Bxc5 Qxc5 30. Qe2 Rad8 31. Rb4 Qf5 32. Rxb6 f3 33. Qf1 Nf4 34. Ne3 Qg5 35. Kh1 Rd2 36. gxf3 Qh4 37. Ng4 Nxh3 0-1